000 00696nam a2200265 i 4500
001 30639
003 ES-MaBCM
005 20241016095104.0
008 871020s1985 esp 000 0 spa d
020 _a84-01-33271-0
021 _axx
035 _a(OCoLC)434648050
040 _cES-MaBCM
041 0 _aspa
043 _aesp
080 _a32 Gromiko, Andrei A.
100 1 _aGromiko, Andrei A.
_920424
245 1 0 _aMis escritos y pensamientos
_cAndrei A. Gromiko
260 _aBarcelona :
_bPlaza & Janés,
_c1985
300 _a235 p.
_c21 cm
440 0 _aHombre y sociedad
_994782
600 1 4 _aGromiko, Andrei A.
_920424
650 2 7 _aPensamiento político
_959748
942 _cBK
999 _c30639
_d30639